00337nam a2200109Ia 4500008004100000100001900041245010500060260001400165260003100179260000900210300000800219201214s9999 xx 000 0 und d aGallie, Duncan 0aIn Search of The New Working Class : Automation and Social Integration Within The Capitalist Enterpr aCambridge bCambridge University Press c1978 a348